000 00534nam a2200181Ia 4500
999 _c1834
_d1834
003 OSt
005 20200924120509.0
008 190216s9999||||xx |||||||||||||| ||und||
020 _a9789380026367
040 _coclc
082 _a576
_bSHA/G
100 _aSharma, T R
_91592
245 0 _aGenome Analysis And Bio Informatics A Practical Approach /
_cT R Sharma
260 _bI.K.International Publishing,
_c2010.
_aNew Delhi:
300 _a202p
650 _aBotany
942 _cBK
_2ddc
_h576
_iSHA/G
_k576
_mSHA/G